000 00446nam a2200181Ia 4500
001 2238
005 20260306143827.0
008 260306t2013||||xx |||||||||||||| ||spa||
041 _aESP
082 _a616.8
_bF334
100 _aFejerman, Natalio
_eAUT
245 0 _aTrastornos motores crónicos en niños y adolescentes
260 _c2013
300 _a445 páginas :
_c24 cm.
650 _aGEN
654 _aCPS
942 _cLIB
_dJUS
_fJUS
_2ddc
_n
999 _c2238
_d2238